Wykonawcy muzyczni na literę M - Statystyki

Ogólne statystyki
  • Ten quiz został rozwiązany 6 razy
  • Średni wynik to 7 z 20
Statystyki odpowiedzi
Lata aktywności Państwo Piosenki Zespół lub artysta % Poprawnych
1983– Like a Prayer | Vogue Madonna
100%
1983– Enter Sandman | Nothing Else Matters Metallica
100%
1972–2009 Billie Jean | Bad Michael Jackson
100%
2002– Moves like Jagger | Sugar Maroon 5
67%
2014– All About That Bass | Dear Future Husband Meghan Trainor
67%
2007– Party in the U.S.A. | Wrecking Ball Miley Cyrus
67%
1965–1969 California Dreamin' | Monday, Monday The Mamas & The Papas
67%
2011– Thrift Shop | Can't Hold Us Macklemore & Ryan Lewis
33%
1990– Always Be My Baby | All I Want for Christmas Is You Mariah Carey
33%
2002– Welcome to the Black Parade | I'm Not Okay (I Promise) My Chemical Romance
33%
1961–1984 What's Going On? | Sexual Healing Marvin Gaye
0%
1988– U Can't Touch This | 2 Legit 2 Quit MC Hammer
0%
1971–2022 I'd Do Anything For Love (But I Won't Do That) | Bat out of Hell Meat Loaf
0%
2005– Paper Planes | Bad Girls M.I.A.
0%
1988–1990 Blame It on the Rain | Girl You Know It's True Milli Vanilli
0%
1997– Get Ur Freak On | Work It Missy Elliot
0%
2018– Last Night | Whiskey Glasses Morgan Wallen
0%
1981– Kickstart My Heart | Dr. Feelgood Mötley Crue
0%
1999– Supermassive Black Hole | Uprising Muse
0%
1966–2021 Last Train to Clarksville | I'm a Believer The Monkees
0%
Nie znaleziono quizów pasujących do podanych kryteriów
Rozkład punktacji
Procent ludzi z każdym wynikiem
Percentyl według liczby udzielonych odpowiedzi
Twoja historia wyników
Nie rozwiązałeś tego quizu